|
|
|
|
| LEADER |
00000cam a2200000 7i4500 |
| 001 |
0000003105 |
| 005 |
20040526.0 |
| 020 |
0 |
0 |
|a 0582320267
|
| 090 |
0 |
0 |
|a 338.4791
|b WIL 2003
|
| 100 |
1 |
0 |
|a WILLIAMS
|h Stephen
|c 1951-
|
| 245 |
1 |
0 |
|a Tourism and recreation
|c Stephen Williams
|
| 260 |
0 |
0 |
|a Upper Saddle River, NJ : Prentice Hall, 2003
|
| 300 |
|
|
|a xv, 211 p. :
|b ill. ;
|c 23 cm.
|
| 440 |
0 |
0 |
|a Themes in tourism
|
| 500 |
0 |
0 |
|a Includes bibliographical references : p. 1910206 and index
|
| 650 |
0 |
0 |
|a Leisure
|
| 650 |
0 |
0 |
|a Leisure
|z Great Britain
|
| 650 |
0 |
0 |
|a Recreation
|
| 650 |
0 |
0 |
|a Recreation
|z Great Britain
|
| 650 |
0 |
0 |
|a Tourism
|
| 650 |
0 |
0 |
|a Tourism
|z Great Britain
|
| 998 |
|
|
|a JPSM
|
| 999 |
|
|
|a 0000005568
|b Monograph
|c Open Shelf
|e Default branch
|